| 000 | 01246nam0a22002771 4500 | ||
|---|---|---|---|
| 001 | v19\rc\1944862 | ||
| 005 | 20260407121843.0 | ||
| 035 | _a(NLR Aleph) 005030714 | ||
| 090 |
_a6687986 _c6687986 |
||
| 100 | _a20080428d1913 u y0rusy50 ca | ||
| 101 | 0 | _arus | |
| 102 | _aRU | ||
| 105 | _aac z ||||| | ||
| 200 | 1 |
_aДеяния Второго Всероссийского собора Христианского поморского церковного общества в царствующем граде Москве в лето от сотворения мира 7421 сентября в дни с 10 по 17 _fВторой Всерос. собор Христиан. помор. церк. о-ва. Москва. 1913 |
|
| 210 |
_aМосква _cСовет соборов _d1913 |
||
| 215 |
_aXII, 280 с. _cил., портр. _d29 |
||
| 710 | 1 | 2 |
_aВсероссийский собор христиан-поморцев, приемлющих брак _d2 _f1913 _eМосква _3RU\NLR\AUTH\8810070635 _9642936 |
| 801 | 0 |
_aRU _bNLR _gpsbo |
|
| 801 | 0 |
_aRU _bRuMoRGB _2psbo |
|
| 801 | 1 |
_aRU _bProSoft-M _2rusmarc |
|
| 852 |
_aNLR _j38.9.2.19(2) |
||
| 899 |
_aRuMoRGB _jU 62/128 |
||
| 899 | _aБАН | ||
| 942 | _cBOOK | ||
| 980 | _aNB | ||